[Event "Norway Chess 2025"]
[Site "Chess.com"]
[Date "2025.05.27"]
[Round "2"]
[White "Erigaisi Arjun"]
[Black "Gukesh D"]
[Result "1-0"]
[WhiteElo "2782"]
[BlackElo "2787"]
[Annotator "Rafael Leitao"]
[PlyCount "123"]
[EventDate "2025.??.??"]
[TimeControl "40/7200:0"]

1. d4 Nf6 2. c4 e6 3. Nc3 Bb4 4. g3 O-O 5. Bg2 d5 6. a3 $5 {White usually develops the knight to f3 first and only then thinks about attacking the bishop. The move in the game has already been played at a high level, but it allows Arjun to demonstrate his well-known creativity early on.} Bxc3+ {The natural reply.} (6... Be7 {can also be played, with a Catalan position with the pawn on a3, which should probably be useful for White.}) 7. bxc3 dxc4 {Black simply captures the pawn, certainly a critical choice. Other plans are also possible.} (7... c6 {with the idea of …b6-Ba6 and capturing with the c-pawn if White exchanges on d5.}) (7... c5 {goes for immediate tension in the center. Giving the level of opening preparation by Arjun, he certainly has all these options carefully studied. He played his first moves very quickly, showing confidence.}) 8. a4 $5 {This is almost a new move. White prepares to develop the bishop to a3.} (8. Nf3 c5 9. O-O cxd4 10. Qxd4 Nc6 11. Qxc4 e5 {was fine for Black in Carlsen-Niemann, Sinquefield Cup Saint Louis 2022.}) ({RR} 8. Nf3 c5 9. O-O cxd4 10. Qxd4 Nc6 11. Qxc4 e5 12. Bg5 h6 13. Rfd1 Be6 14. Rxd8 Bxc4 15. Rxa8 Rxa8 16. Bxf6 gxf6 17. Kf1 Rd8 18. Ke1 Na5 19. Rd1 Rc8 20. Nd2 Be6 21. c4 Bxc4 22. Nxc4 Rxc4 {Carlsen,M (2861)-Niemann,H (2688) Saint Louis 2022 0-1 (57)}) 8... c5 (8... Nc6 {is another possible idea, going with the knight to a5, protecting the extra pawn on c4. White will try to prove compensation with the pair of bishops and the strong center.}) ({RR} 8... Re8 9. Nf3 c5 10. Ne5 Qa5 11. Qd2 Qa6 12. O-O Nbd7 13. f4 cxd4 14. cxd4 Nd5 15. e4 Ne7 16. Qc3 Nxe5 17. fxe5 Ng6 18. h4 Bd7 19. h5 Nh8 20. a5 b6 21. h6 Rec8 22. Qf3 Be8 23. Bg5 {Bronstein,O (2443)-Cieslak,P (2442) Ceske Budejovice CZE 2025 ½-½ (57)}) 9. Ba3 $146 {A novelty. In a previous game 9.a5 had been played. I suppose the main idea is to prevent the queen from using this square, but the move seems too slow.} (9. a5 $2) ({RR} 9. a5 Na6 10. Nf3 Nd5 11. Bb2 Bd7 12. e4 Ne7 13. O-O Rc8 14. Ne5 Bb5 15. d5 Qd6 16. Ng4 exd5 17. exd5 Rcd8 18. Ne3 Nc7 19. Qh5 Ncxd5 20. Rfd1 Bc6 21. Nxc4 Qc7 22. Nd2 b6 23. c4 Nb4 {Lekic,D (2425)-Lirindzakis,T (2235) Anogia 2015 1-0 (32)}) 9... Qa5 $1 {An excellent move, attacking the pawn on c3 and starting counterplay. Naturally, White had foreseen this move in his preparations and continued playing quickly.} 10. Qc2 Rd8 {Although this is an acceptable move, I believe this position is a good time for anyone looking for an improvement in Black's opening play.} (10... Re8 $5 {The rook doesn't capture on d4 now, but helps to advance the center after} 11. Bxc5 e5 {With the opening of the e-file and the idea of Bf5, sacrificing the bishop to take on c3, it looks like Black has plenty of activity.}) 11. Bxc5 Na6 {Although not a mistake, I don't like this move so much. It seems to me that Black has some practical problems after White's next move.} (11... Nc6 {is a possible alternative:} 12. Bxc6 (12. Nf3 Ne4 $1) 12... bxc6 {This looks better for White, but the computer is not a bit afraid.}) (11... Nd5 {is also a good move.} 12. Nf3 (12. Bxd5 exd5 {is better for Black.}) 12... Na6 13. Ba3 Qxc3+ 14. Qxc3 Nxc3 15. Nd2 {with compensation for the pawn - Black should be careful here.}) 12. Be7 $1 Rxd4 13. Nf3 Rd7 14. Bxf6 gxf6 15. Nd2 {Despite being down a pawn, White has compensation thanks to Black's weakened structure and the strong bishop on g2.} Qc7 {Protecting the pawn on c7, but doing so with the rook had its merits.} (15... Rc7 {The queen stands well on a5 and the bishop can be developed quickly to d7. This also prevents the move White plays in the game.}) 16. a5 $5 {Gaining space on the queenside and preparing the attack on the c4-pawn with Ra4 later.} Rb8 {Necessary in order to push the b-pawn.} 17. O-O (17. Ra4 $5 b5 (17... Nc5 {is also possible, but White has some initiative after} 18. Rxc4 Qxa5 19. O-O) 18. axb6 Qxb6 {with ideas of playing Qb2 and saving the day.}) 17... b5 18. axb6 axb6 19. Ne4 Kg7 20. g4 $1 {An important move to develop White's initiative. The idea is to play Ng3-h5.} Nc5 21. Ng3 Qe5 $1 {The queen comes to protect the king. Gukesh is defending well, but he is already low on time and the position is dangerous.} 22. Rad1 (22. Kh1 {is also interesting, preparing f2-f4 without Black having the check on e3. A possible continuation is} Kh8 23. f4 Qc7 24. f5 {with a complicated fight. Black should now play} Bb7 $1) 22... b5 $1 {This not only protects the c4-pawn but also prepares timely counterplay with b5-b4.} 23. f4 Qe3+ 24. Kh1 Rxd1 25. Qxd1 (25. Rxd1 {Taking with the rook is also possible.} Bb7 26. Bxb7 Nxb7 {Despite how good this looks, White is unable to achieve a winning position.} 27. Nh5+ Kf8 28. Nxf6 (28. Qxh7 Ke7 {Black is also saving the game here.}) 28... Nc5 $1 {There's no decisive continuation for White.}) 25... Nd7 $7 {The only way to protect the pawn on f6.} 26. Bc6 {An interesting idea to remove the important defender. The game becomes chaotic - somehow this always happens in Arjun's games.} (26. f5 {is also dangerous for Black, planning to open the f-file. After} Kh8 $1 {it seems that Black has enough defensive resources, but it still looks very dangerous.}) 26... Rb6 $2 {A miscalculation that leads to a losing position.} (26... b4 $5 {is my favorite move.} 27. cxb4 (27. Bxd7 $2 {loses to} Bb7+) (27. Rf3 Qa7) 27... Rxb4 {The position is insanely complicated. A possible line is} 28. Nh5+ Kh8 29. Qd6 Qb6 {It looks very scary for Black, but the computer shows the typical equal evaluation.}) 27. Nh5+ $1 {The only refutation to Black's previous move.} (27. Bxd7 $4 {loses after} Bb7+ 28. Rf3 Bxf3+ 29. exf3 Qd3 $1) (27. Rf3 $2 Qc5 28. Bxd7 Rd6 29. Nh5+ Kf8 $1 {Now the king can go to the optimal square.}) 27... Kh8 (27... Kf8 $2 {This move can now be met by the deadly} 28. Qd6+) 28. Rf3 Qc5 29. Bxd7 Rd6 30. Qe1 $1 {Accurate play.} (30. Qc2 $2 {is tempting, but backfires:} Bb7 31. Nxf6 $2 Rd3 $1 {a devastating blow that decides the game.}) 30... Bb7 (30... Rxd7 {White wins easily with either 31.Nxf6 or 31.Qh4.} 31. Nxf6 (31. Qh4)) 31. e4 $1 {The queen on e1 protects the pawn and is ready to go to h4.} Rxd7 32. Nxf6 Rd3 33. Qh4 Kg7 34. Rxd3 $6 {This doesn't spoil the win, but there's a cleaner way to finish the game.} (34. g5 $4 {prepares a checkmate, but Black is faster:} Bxe4 $1 35. Nxe4 Rd1+ 36. Kg2 Rg1+ 37. Kh3 Qf5+ {with mate next.}) (34. f5 $1 {is an elegant solution. Now the g5-square becomes available for the queen.} Rd1+ (34... Rxf3 35. Nh5+ Kg8 36. Qg5+ Kf8 37. Qd8#) 35. Kg2 Qg1+ 36. Kh3 {The white king has a good shelter, while the same cannot be said about the black one.}) 34... cxd3 35. Nh5+ Kg8 36. Qd8+ Qf8 37. Qxd3 $6 (37. Nf6+ Kg7 38. Qd4 $1 {is better. After} d2 39. Kg2 d1=Q 40. Nh5+ Kg8 41. Qxd1 Bxe4+ 42. Kg3 {material is equal, but Black is unable to cope with the formidable queen and knight battery.}) 37... f5 $1 {Gukesh fights like a lion to survive.} 38. Qd7 Bxe4+ 39. Kg1 Bd5 40. gxf5 $2 {A mistake that allows an amazing idea for Black.} (40. Qxb5 $1 {is the right move. In case of} fxg4 {White wins with} 41. c4 $1 Be4 42. Qe5 $1 {attacking the bishop and the e6-pawn. After} Bf5 43. c5 $1 {the c-pawn decides the game.}) 40... Qc5+ 41. Kf1 Bc4+ 42. Kg2 Qd5+ $1 {Black finds a miracle escape with this move.} 43. Qxd5 (43. Kf2 {isn't enough for a win:} Qxd7 44. Nf6+ Kf7 45. Nxd7 exf5 46. Ke3 Ke7 {White can still maneuver the knight, but the bishop is able to control everything.}) 43... exd5 44. Kf3 d4 $1 {It's truly impressive how Gukesh managed to achieve a drawn position even though he was on the brink of a precipice. Tenacity in defense is one of the big differences between a strong player and an elite player. That said, the game isn't over yet.} 45. cxd4 b4 {The b-file is there to save Black.} 46. Ke3 Kf7 47. Ng3 Ke7 {The king starts going in the wrong direction.} (47... Kf6 $2 48. Ne4+) (47... Ba2 48. Kd3 (48. Ne4 b3 $1) 48... Kf6 {Black can wait with the king on f6 and there's no winning plan for White.}) 48. Kd2 Kd6 $2 (48... Kf6 $1 {The right place for the king. White can win a piece, but I think it's a draw after} 49. Ne4+ Kxf5 50. Nd6+ Kxf4 51. Nxc4 Ke4 {The d-pawn falls.} 52. Na5 Kxd4 53. Nb3+ Ke4 54. Ke2 Kf4 55. Kf2 Kg4 {and I don't see a winning plan for White.}) 49. Ne4+ {White is winning again.} Kd5 50. Ke3 b3 (50... Ba2 {If Black waits, White can force the pawn to go to b3:} 51. Nc5 Kd6 52. Nd3 b3 {After this the king goes to c3.} 53. Kd2 {with an easy win.}) 51. f6 $2 {With both players in time trouble, adventures are always possible. White should go with the king to c3 and this is possible with both 51.Nc3 and 51.Nf6.} (51. Nc3+ Kd6 52. Nd1 Ke7 53. Kd2 {The king goes to c3 and the knight to e3.}) (51. Nf6+ Kd6 52. Kd2 $1 b2 (52... Ke7 53. Ng4) 53. Kc2 Bd3+ 54. Kxb2 Bxf5 55. Kc3 Ke6 56. Nh5 {with a technical win.}) 51... Ke6 52. f5+ Kd7 53. Kd2 b2 54. Nc5+ Ke8 55. Kc2 Kf7 56. Kxb2 Bf1 $2 {A blunder when the draw was close.} (56... Kxf6 $2 {loses to} 57. Ne4+ {when the pawn cannot be captured.}) (56... Bd5 {prepares to capture the pawn without any knight tricks. Both pawns on the f-file will fall.} 57. Nd7 Be4 {with a draw.}) 57. Ne4 Bg2 58. Ng3 Kxf6 59. h4 $1 {Everything is protected and White is able to keep a two pawn advantage, which is too much.} Bd5 60. Kc3 Ke7 61. Kd3 Kd6 62. Ne4+ 1-0

[Event "Sharjah Master 2024"]
[Site "Shsrjah - Abu Dhabi"]
[Date "2024.05.20"]
[Round "?"]
[White "Erigaisi Arjun"]
[Black "Maghsoodloo, Parham"]
[Result "1/2-1/2"]
[WhiteElo "2761"]
[BlackElo "2732"]
[Annotator "Stockfish 16.1"]
[PlyCount "103"]
[EventDate "2024.05.14"]
[EventCountry "UAE"]

1. d4 {[%eval 14,0]} Nf6 {[%eval 17,0]} 2. c4 {[%eval 21,0]} e6 {[%eval 21,0]} 3. Nc3 {[%eval 18,0]} Bb4 {[%eval 11,0]} 4. f3 {[%eval 3,0]} c5 {[%eval 26,0]} 5. d5 {[%eval 1,0]} b5 {[%eval 21,0]} 6. e4 {[%eval 8,0]} O-O {[%eval 12,0]} 7. e5 {[%eval 22,0]} Ne8 {[%eval 19,0]} 8. f4 {[%eval 23,0]} exd5 {[%eval 23,0]} 9. cxd5 {[%eval 28,0]} d6 {[%eval 25,0]} 10. Nf3 {[%eval 29,0]} c4 {[%eval 21,0]} 11. a4 {[%eval 28,0]} dxe5 {[%eval 23,0]} 12. fxe5 {[%eval 2,0]} Bg4 $146 {[%eval 27,0]} ({RR} 12... Nd7 13. Be2 Nb6 14. Bd2 Bb7 15. d6 f6 16. Nxb5 Bxd2+ 17. Qxd2 fxe5 18. a5 Bxf3 19. Bxf3 e4 20. Be2 Nd7 21. O-O-O Kh8 22. Nc7 Nc5 23. Qd5 Nd3+ 24. Bxd3 Nxc7 25. Qxc4 exd3 26. dxc7 Rc8 27. Rhf1 {Royal,S (2455)-Petrov,M (2520) Southend ENG 2024 1-0 (31)}) 13. axb5 {[%eval 2,0]} Nd7 {[%eval 17,0]} 14. Bf4 {[%eval 9,0]} Nc7 {[%eval 15,0]} 15. Bxc4 {[%eval 13,0]} Nb6 {[%eval 1,0]} 16. Be2 $146 {[%eval 22,0]} ({RR} 16. Qd4 Bxf3 17. gxf3 Qh4+ 18. Ke2 Bxc3 19. bxc3 Ncxd5 20. Bxd5 Nxd5 21. Be3 Qd8 22. Rhd1 Nxe3 23. Qxd8 Rfxd8 24. Kxe3 Rdc8 25. Rd3 h5 26. Ra6 Rab8 27. Rxa7 Rxb5 28. h4 Rxe5+ 29. Kf4 Re6 30. Rad7 Rf6+ {Kornyukov,A (2452)-Ferey,A (2181) chess.com INT 2023 0-1 (32)}) 16... Nbxd5 {[%eval 18,0]} 17. Bd2 {[%eval 15,0]} Bc5 {[%eval 23,0]} 18. Qa4 {[%eval 23,0]} Qd7 {[%eval 4,0]} 19. Qc4 {[%eval 1,0]} Bb6 {[%eval 11,0]} 20. Na4 {[%eval 22,0]} Bxf3 {[%eval 5,0]} 21. Bxf3 {[%eval 0,0]} Rae8 {[%eval 52,0]} 22. O-O-O {[%eval 43,0]} Rxe5 {[%eval 54,0]} (22... Re7) 23. Rhe1 {[%eval 42,0]} Qf5 {[%eval 57,0]} 24. Rxe5 {[%eval 12,0]} Qxe5 {[%eval 18,0]} 25. Re1 {[%eval 12,0]} Qd6 {[%eval 56,0]} 26. Qc6 {[%eval 36,0]} Rd8 {[%eval 25,0]} 27. Nxb6 {[%eval 33,0]} axb6 {[%eval 35,0]} 28. Rd1 {[%eval 0,0]} Ne7 {[%eval 37,0]} 29. Qxd6 {[%eval 5,0]} Rxd6 {[%eval 55,0]} 30. Be3 {[%eval 14,0]} Rxd1+ {[%eval 14,0]} 31. Kxd1 {[%eval 11,0]} Ned5 {[%eval 16,0]} 32. Bf2 {[%eval 17,0]} f5 {[%eval 17,0]} 33. Kd2 {[%eval 14,0]} Kf7 {[%eval 18,0]} 34. Kd3 {[%eval 18,0]} g5 {[%eval 26,0]} 35. Kc4 {[%eval 2,0]} Ke6 {[%eval 19,0]} 36. h3 {[%eval 25,0]} Ke5 {[%eval 26,0]} 37. Bd4+ {[%eval 28,0]} Kd6 {[%eval 13,0]} 38. g4 {[%eval 2,0]} f4 {[%eval 13,0]} 39. Be4 {[%eval 19,0]} h6 {[%eval 9,0]} 40. Bf3 {[%eval 9,0]} Ke6 {[%eval 1,0]} 41. Bg7 {[%eval 2,0]} Kf7 {[%eval 14,0]} 42. Bd4 {[%eval 12,0]} Ke6 {[%eval 15,0]} 43. Bg7 {[%eval 16,0]} Kf7 {[%eval 17,0]} 44. Bd4 {[%eval 0,0]} Ke6 {[%eval 23,0]} 45. Be4 {[%eval 17,0]} Kd6 {[%eval 18,0]} 46. Bh1 {[%eval 9,0]} Ke6 {[%eval 14,0]} 47. Bf3 {[%eval 1,0]} Kd6 {[%eval 12,0]} 48. b3 {[%eval 11,0]} Ke6 {[%eval 12,0]} 49. Bg7 {[%eval 1,0]} Kf7 {[%eval 11,0]} 50. Bd4 {[%eval 1,0]} Ke6 {[%eval 11,0]} 51. Bg7 Kf7 52. Bd4 1/2-1/2

[Event "III Menorca Open 2024"]
[Site "Ciutadella de Menorca ESP"]
[Date "2024.04.03"]
[Round "2.1"]
[White "Erigaisi, Arjun"]
[Black "Alexakis, Dimitris"]
[Result "1/2-1/2"]
[WhiteElo "2756"]
[BlackElo "2443"]
[PlyCount "210"]
[EventDate "2024.04.02"]

1. d4 Nf6 2. c4 e6 3. Nc3 Bb4 4. f3 c5 5. a3 Ba5 6. dxc5 Bxc3+ 7. bxc3 Qa5 8. e4 O-O ({RR} 8... Qxc5 9. a4 Nc6 10. Ba3 Qe3+ 11. Ne2 d5 12. cxd5 exd5 13. exd5 Ne5 14. Qd4 Nd3+ 15. Kd1 Nxd5 16. Qxe3+ Nxe3+ 17. Kd2 Nxf1+ 18. Rhxf1 Ne5 19. Nd4 Be6 20. Rfe1 Nc4+ 21. Kd3 Nxa3 22. Nxe6 fxe6 23. Rxe6+ {Kong,X (2470)-Xie,K (2446) Xinghua CHN 2025 1-0 (44)}) 9. Ne2 Qxc5 10. a4 $146 ({RR} 10. Qd4 d6 11. Be3 b6 12. Qd3 Qc7 13. Nd4 Ba6 14. Rb1 Nbd7 15. Nb5 Bxb5 16. cxb5 d5 17. exd5 Nxd5 18. c4 Ne5 19. Qb3 Nxe3 20. Qxe3 Nxc4 21. Rc1 Nxe3 22. Rxc7 Rfc8 23. Rxc8+ Rxc8 24. Kd2 Nd5 {Andueza Quezada,D (2165)-Dumas Aviles,A (2341) Santiago de Chile 2009 0-1 (50)}) 10... Qxc4 11. Ba3 d6 12. Qxd6 Re8 13. Bb4 Qb3 14. Nd4 Qb2 15. Rd1 a6 16. Bc4 a5 17. Bb5 axb4 18. Bxe8 Nxe8 19. Qd8 Bd7 20. O-O bxc3 21. h4 Kf8 22. Rb1 Qd2 23. Qb6 Nc6 24. Nb3 Qf4 25. a5 Qc7 26. Qc5+ Ne7 27. Rfc1 Rc8 28. Rxc3 Qxc5+ 29. Nxc5 Bc6 30. Rd3 Ra8 31. Nxb7 Ra7 32. Nd8 Rxa5 33. Rb8 Ra8 34. Rxa8 Bxa8 35. Rc3 Nf6 36. Ra3 Bc6 37. Ra6 Bd7 38. g4 Ke8 39. Nb7 Nc8 40. g5 Nh5 41. Kf2 Ke7 42. Ke3 e5 43. Nc5 Nf4 44. Ra5 f6 45. Kf2 Ne6 46. Nxe6 Kxe6 47. Ra8 Kf7 48. gxf6 Kxf6 49. Kg3 Ne7 50. Rh8 h6 51. Rf8+ Ke6 52. Ra8 Ng6 53. Ra6+ Kf7 54. Ra7 Ke7 55. Rb7 Nf8 56. Ra7 Kf6 57. Ra6+ Be6 58. Ra8 Ng6 59. Ra6 Nf4 60. Ra5 Ng6 61. Ra6 Nh8 62. Rb6 Nf7 63. Ra6 Ke7 64. Ra7+ Kf6 65. Ra6 h5 66. f4 exf4+ 67. Kxf4 Ne5 68. Ra5 Ng6+ 69. Kg3 Bg4 70. Ra6+ Kf7 71. Ra7+ Kg8 72. Ra8+ Kh7 73. Ra6 Bd1 74. Ra5 Kh6 75. Rc5 Bg4 76. Rc6 Kh7 77. Rc5 Nf8 78. Ra5 Ne6 79. Rb5 Kg6 80. Rd5 Kf6 81. Ra5 Ke7 82. Rd5 Nc7 83. Rg5 Kf6 84. Rc5 Ne6 85. Ra5 g6 86. Rd5 Be2 87. Ra5 Bd3 88. Kf3 Bc2 89. Ke3 Bb3 90. Kf3 Bc4 91. Ke3 Ke7 92. Ra4 Bb5 93. Ra5 Bc6 94. e5 Ng7 95. Kf4 Ne6+ 96. Ke3 Be8 97. Ra7+ Bd7 98. Ra6 Nf8 99. Ra7 Ke6 100. Ra8 Ke7 101. Ra7 Ne6 102. Ra6 Kd8 103. Ra8+ Bc8 104. Ra7 Bd7 105. Ra8+ Ke7 1/2-1/2

[Event "Airthings Play-In Match"]
[Site "chess.com INT"]
[Date "2023.02.03"]
[Round "1.2"]
[White "Erigaisi, Arjun"]
[Black "Andreikin, D.."]
[Result "1/2-1/2"]
[WhiteElo "2701"]
[BlackElo "2729"]
[PlyCount "104"]
[EventDate "2023.02.03"]
[EventType "k.o."]

1. d4 Nf6 2. c4 e6 3. Nc3 Bb4 4. e3 O-O 5. Bd3 d6 6. Nge2 e5 7. O-O Re8 8. a3 Bxc3 9. Nxc3 e4 ({RR} 9... Nc6 10. Bc2 Bg4 11. f3 exd4 12. exd4 Bh5 13. Bg5 h6 14. Bh4 a5 15. b3 Kh8 16. Ra2 Rg8 17. Ne4 g5 18. Be1 Nxe4 19. Bxe4 Bg6 20. Raf2 Qf6 21. Bc3 Rae8 22. Qd2 Kh7 23. d5 Ne5 24. f4 {Yeletsky,I (2502)-Andreikin,D (2729) chess.com INT 2023 1-0}) ({RR} 9... Nbd7 10. b4 e4 11. Be2 d5 12. c5 Nf8 13. Qb3 h5 14. f3 exf3 15. Bxf3 c6 16. Ra2 N8h7 17. Be2 Ng5 18. Bd3 h4 19. h3 Nfe4 20. Nxe4 Nxe4 21. Bxe4 Rxe4 22. Raf2 Qg5 23. Kh1 Be6 24. Rf4 {Li Bo (2240)-Huang,R (2495) Xinghua CHN 2025 0-1 (66)}) 10. Bc2 Nbd7 $146 ({RR} 10... Bg4 11. f3 exf3 12. gxf3 Bh3 13. Rf2 d5 14. cxd5 Nxd5 15. e4 Nxc3 16. bxc3 c5 17. Rb1 b6 18. Be3 Nd7 19. Kh1 Qh4 20. Qd2 h6 21. Rg1 Kh8 22. Bb3 Re7 23. Bf4 cxd4 24. cxd4 Nf6 25. Bg3 {Hermesmann,H (2245)-Wiemer,R (2300) Germany 1989 1-0 (48)}) 11. f3 Nb6 12. Nxe4 Nxe4 13. Bxe4 Nxc4 14. Bxh7+ Kh8 15. Be4 d5 16. b3 Nb6 17. Bc2 Qh4 18. e4 Qh7 19. Bf4 c6 20. a4 Be6 21. a5 Nd7 22. a6 bxa6 23. exd5 Bf5 24. Bxf5 Qxf5 25. dxc6 Qxf4 26. cxd7 Red8 27. Rxa6 Rxd7 28. Ra4 Qe3+ 29. Kh1 Rb8 30. Re1 Qxb3 31. Qxb3 Rxb3 32. h3 g6 33. Rea1 Rbb7 34. Ra6 Kg7 35. Kh2 Kf8 36. R1a2 Ke7 37. g4 Kd8 38. Kg3 Kc8 39. h4 Kb8 40. h5 gxh5 41. gxh5 Rxd4 42. h6 Rd8 43. Kf4 Rh8 44. R2a5 Rb4+ 45. Kf5 Rh4 46. Rxa7 R8xh6 47. Ra8+ Kc7 48. R5a7+ Kd6 49. Ra6+ Ke7 50. R6a7+ Kd6 51. Ra6+ Ke7 52. R6a7+ Kd6 1/2-1/2

[Event "CrunchLabs Masters PlayIn"]
[Site "chess.com INT"]
[Date "2024.07.17"]
[Round "9"]
[White "Erigaisi, Arjun"]
[Black "Antipov, M2."]
[Result "0-1"]
[WhiteElo "2778"]
[BlackElo "2602"]
[PlyCount "84"]
[EventDate "2024.07.17"]

1. d4 Nf6 2. c4 e6 3. Nc3 Bb4 4. f3 O-O 5. a3 Bxc3+ 6. bxc3 Ne8 7. e4 Nc6 8. Bd3 b6 9. f4 Ba6 10. Nf3 Na5 11. Qe2 c5 $146 ({RR} 11... d5 12. cxd5 Bxd3 13. Qxd3 exd5 14. e5 f5 15. Ra2 g6 16. g4 fxg4 17. Ng5 Ng7 18. Rg2 Qd7 19. h3 g3 20. Qxg3 Qf5 21. Qg4 Nh5 22. O-O Nb3 23. Be3 Rae8 24. Kh2 c5 25. Rfg1 cxd4 26. cxd4 {Otero Acosta,D (2519)-Ruiz Castillo,J (2399) Panama City 2013 0-1 (36)}) 12. d5 exd5 13. cxd5 Bxd3 14. Qxd3 c4 15. Qc2 f5 16. e5 d6 17. Nd4 Nc7 18. Nxf5 Nxd5 19. O-O dxe5 20. fxe5 Qe8 21. Qe4 Nxc3 22. Qe3 Qe6 23. Nd4 Rxf1+ 24. Kxf1 Rf8+ 25. Kg1 Qg4 26. Nf3 Nd5 27. Qd2 Nf4 28. h3 Nxh3+ 29. Kh2 Nf4 30. Qc2 Nxg2 31. Ng5 Qh4+ 32. Kxg2 Nb3 33. Ra2 Nxc1 34. Qxc1 Rf4 35. Ne6 Qg4+ 36. Kh2 Qh5+ 37. Kg1 Rg4+ 38. Rg2 Rxg2+ 39. Kxg2 Qg4+ 40. Kf2 Qxe6 41. Qc3 Qd5 42. Qe3 Qc5 0-1

[Event "85th Tata Steel Masters"]
[Site "Wijk aan Zee NED"]
[Date "2023.01.16"]
[Round "3.5"]
[White "Erigaisi, Arjun"]
[Black "Aronian, L.."]
[Result "1/2-1/2"]
[WhiteElo "2722"]
[BlackElo "2735"]
[PlyCount "122"]
[EventDate "2023.01.14"]

1. d4 Nf6 2. c4 e6 3. Nc3 Bb4 4. Qc2 c5 5. dxc5 O-O 6. a3 Bxc5 7. Nf3 d5 8. Bf4 ({RR} 8. cxd5 Nxd5 9. e4 Nxc3 10. Qxc3 Qe7 11. Bg5 f6 12. Bh4 e5 13. Bc4+ Kh8 14. O-O Nc6 15. Bd5 Nd4 16. Nxd4 Bxd4 17. Qb3 Rb8 18. Rac1 b6 19. Rfd1 Bb7 20. Bg3 Bxd5 21. exd5 Rfd8 22. Rxd4 exd4 {Silva Lucena,C (2317)-Rajanish,A (2084) chess.com INT 2025 1-0}) 8... dxc4 ({RR} 8... d4 9. O-O-O Nbd7 10. Nxd4 e5 11. Nb3 Bxf2 12. Bg5 h6 13. e3 hxg5 14. Qxf2 Qb6 15. Nd2 Nc5 16. b4 Ne6 17. c5 Qc7 18. h4 Ng4 19. Qg3 Nxc5 20. bxc5 Qxc5 21. Nc4 Be6 22. hxg5 Bxc4 23. Qh4 {Erigaisi,A (2712)-Nepomniachtchi,I (2771) chess.com INT 2023 0-1}) 9. e3 a6 $146 ({RR} 9... Nd5 10. O-O-O Qa5 11. Ng5 g6 12. Nxd5 exd5 13. Rxd5 Bxe3+ 14. fxe3 Qxd5 15. Bxc4 Qf5 16. Qc3 Nd7 17. Rf1 Qf6 18. Qxf6 Nxf6 19. Bd6 Bf5 20. Bxf8 Rc8 21. b3 b5 22. Bd6 bxc4 23. b4 h6 24. e4 {Postnikov,A (2207)-Turov,M (2552) Nizhny Novgorod RUS 2024 0-1 (36)}) 10. Bxc4 b5 11. Be2 Nbd7 12. O-O Bb7 13. Rfd1 Rc8 14. Rd2 Qb6 15. Rad1 Rfd8 16. Qb1 h6 17. Bg3 Be7 18. Ne5 Nc5 19. Bf3 Rxd2 20. Rxd2 Nce4 21. Nxe4 Bxe4 22. Bxe4 Nxe4 23. Rd1 Nxg3 24. hxg3 Qc7 25. Nd3 Qc2 26. Rc1 Qxb1 27. Rxb1 Rd8 28. Rd1 e5 29. f3 f5 30. Kf1 e4 31. fxe4 fxe4 32. Nf2 Rxd1+ 33. Nxd1 Kf7 34. Nf2 Bf6 35. b3 Be7 36. a4 bxa4 37. bxa4 Ke6 38. Nxe4 Kd5 39. Nd2 Kc5 40. Ke2 Kb4 41. Kd3 Kxa4 42. Kc4 Bg5 43. Nf1 Ka5 44. e4 Kb6 45. Nh2 h5 46. Nf3 Be7 47. e5 Kc6 48. Nd4+ Kd7 49. e6+ Kc7 50. Kd5 a5 51. Nb5+ Kd8 52. Nc3 Bb4 53. Na4 Ke7 54. Nb6 Kf6 55. g4 hxg4 56. Nd7+ Ke7 57. Nb6 Be1 58. Ke5 Bg3+ 59. Kd5 Bh4 60. Ke5 Kd8 61. Nd5 a4 1/2-1/2